| 000 | 00711cam a2200205 a 4500 | ||
|---|---|---|---|
| 001 | 000003078 | ||
| 005 | 20200929150325.0 | ||
| 008 | 811231s1970 mx 001 p spa | ||
| 040 |
_aDO-SdBNP _bspa _cBNPHU |
||
| 082 |
_aU861.44 _bH565c |
||
| 100 | 1 |
_aHerrera y Reissing, Julio _99716 |
|
| 245 | 1 | 4 |
_aLos cien mejores poemas de Julio Herrera y Reissig / _cSelección prólogo y notas Antonio Castro Leal. |
| 260 |
_aMéxico : _bAguilar, _c1970. |
||
| 300 |
_a175 p. ; _c19 cm. |
||
| 490 | 1 | _aBiblioteca de iniciación americana | |
| 650 | 4 |
_aPoesía uruguaya _93846 |
|
| 650 | 4 |
_aLiteratura uruguaya _93054 |
|
| 700 | 1 |
_aCastro Leal, Antonio, _epról. _99717 |
|
| 830 | 0 |
_aBiblioteca de iniciación americana _99718 |
|
| 999 |
_c2909 _d2909 |
||